LISTE ALLEMAGNE POUR LA COUPE DU MONDE 2026 - Statistiques

Statistiques générales
  • Ce quiz a été pris 14 fois
  • Le résultat moyen est 14 sur 27
Statistiques - réponses
Hint Réponse % Correct
GARDIEN BAYERN MUNICH NEUER
100%
DEFENSEUR BAYERN MUNICH KIMMICH
82%
DEFENSEUR REAL MADRID RUDIGER
82%
DEFENSEUR BAYERN MUNICH TAH
82%
ATTAQUANT ARSENAL HAVERTZ
73%
MILIEU BAYERN MUNICH PAVLOVIC
73%
ATTAQUANT GALATASARAY SANE
73%
MILIEU BAYERN MUNICH GORETZKA
64%
MILIEU BAYERN MUNICH MUSIALA
64%
MILIEU LIVERPOOL WIRTZ
64%
GARDIEN HOFFENHEIM BAUMANN
55%
DEFENSEUR DORTMUND SCHLOTTERBECK
55%
ATTAQUANT STUTTGART UNDAV
55%
ATTAQUANT NEWCASTLE WOLTEMADE
55%
DEFENSEUR DORTMUND ANTON
45%
MILIEU BAYERN MUNICH KARL
45%
MILIEU DORTMUND NMECHA
45%
GARDIEN STUTTGART NUBEL
45%
DEFENSEUR LEPZIG RAUM
45%
ATTAQUANT DORTMUND BEIER
36%
DEFENSEUR FRANCFURT BROWN
36%
MILIEU STUTTGART STILLER
36%
MILIEU MAYENCE AMIRI
27%
ATTAQUANT STUTTGART LEWELING
27%
DEFENSEUR NEWCASTLE THIAW
27%
COACH ALLEMAGNE TUCHEL
18%
MILIEU DORTMUND GROSS
9%
Aucun quiz correspondant
Distribution des résultats
% des personnes avec chaque résultat
Percentile par nombre de réponses
Votre historique - résultats
Vous n’avez pas pris ce quiz